LEADER 01279nas--2200385---450- 001 990003485560203316 005 20110207135706.0 011 $a0898-1221 035 $a000348556 035 $aUSA01000348556 035 $a(ALEPH)000348556USA01 035 $a000348556 100 $a20110118a19879999km-y-itay50------ba 101 0 $aeng 102 $aGB 110 $aafazz--|||| 200 1 $aComputers & mathematics with applications [1987] 207 0$aA.1, n.1(1987)- 210 $aOxford$cPergamon Press$d1987- 215 $av.$cill.$d26 cm 326 $aMensile 430 1$1001000348558$12001$aComputers & mathematics with applications. Part B 606 0 $aInformatica$xPeriodici$2BNCF 676 $a004.05 801 0$aIT$bsalbc$gISBD 856 4$uhttp://periodici.caspur.it/cgi-bin/sciserv.pl?collection=journals&issn=08981221$4.$zOnline da workstation autorizzate 912 $a990003485560203316 958 $aSCI$bPER II$c1987-$l1987; 2002; 959 $aSE 979 $aCIANATIEMP$b90$c20110118$lUSA01$h1528 979 $aCIANATIEMP$b90$c20110118$lUSA01$h1543 979 $aCIANATIEMP$b90$c20110127$lUSA01$h0924 979 $aCIANATIEMP$b90$c20110207$lUSA01$h1357 996 $aComputers & mathematics with applications$91110722 997 $aUNISA LEADER 01537cam0-22005411i-450- 001 990004341190403321 005 20160202083000.0 035 $a000434119 035 $aFED01000434119 035 $a(Aleph)000434119FED01 035 $a000434119 100 $a19990604d1972----km-y0itay50------ba 101 1 $aita$cger 102 $aIT 105 $ay-------001yy 200 1 $aSociologia dell'imperialismo$fJoseph A. Schumpeter$gprefazione di Lucio Villari 210 $aBari$cLaterza$d1972 215 $aIX, 185 p.$d21 cm 225 1 $aLibri del tempo Laterza$v129 300 $aTrad. di Giulio Fantozzi 454 0$12001$aZur soziologie der Imperialismen$1210$d1953$921481 610 0 $aImperialismo 676 $a325.32$v21$zita 676 $a14230 676 $a19820 676 $aE/1 676 $aE/3 676 $aE/4 676 $a306 700 1$aSchumpeter,$bJoseph Alois$f<1883-1950>$050457 702 1$aVillari,$bLucio$f<1933- > 801 0$aIT$bUNINA$gRICA$2UNIMARC 901 $aBK 912 $a990004341190403321 952 $aSE 085.07.26-$b2342$fDECSE 952 $a19820 SCH$b4411/I$fSES 952 $a19820 SCH$b10225/I$fSES 952 $aCOLLEZ. 79 (129)$b18723$fFSPBC 952 $a325.32 SCH 2$bI.st.r.c.5516$fFLFBC 952 $a325.32 SCH 2 BIS$bBibl. 2015/673$fFLFBC 952 $aXI EE S 2(1)$fDFD 959 $aFLFBC 959 $aDFD 959 $aDECSE 959 $aSES 959 $aFSPBC 996 $aZur soziologie der Imperialismen$921481 997 $aUNINA